| Tag |
First Indicator |
Second Indicator |
Subfields |
| LEADER |
00000cam a2200000 a 4500 |
| 001 |
in00004478708 |
| 005 |
20210930142952.0 |
| 008 |
930219s1992 at a b 000 0 eng d |
| 020 |
|
|
|a 0958752648
|
| 035 |
|
|
|a (OCoLC)27472940
|
| 035 |
|
|
|z (UtOrBLW)17128
|
| 035 |
|
|
|a 28875
|
| 040 |
|
|
|a AGL
|c AGL
|d TMV
|d UtOrBLW
|
| 049 |
|
|
|a TMVM
|c 1
|
| 060 |
|
4 |
|a SF 919.5.I53
|b S663i 1992
|
| 100 |
1 |
|
|a Smith, Bill,
|d 1954-
|
| 245 |
1 |
0 |
|a Injection and blood collection techniques in animals :
|b a practical handbook for people working with animals /
|c by Bill Smith.
|
| 250 |
|
|
|a Second edition.
|
| 264 |
|
1 |
|a Whittlesea, Vic., Australia :
|b Earthbound Publishing,
|c 1992.
|
| 300 |
|
|
|a v, 106 leaves :
|b illustrations ;
|c 28 cm.
|
| 336 |
|
|
|a text
|2 rdacontent
|b txt
|
| 337 |
|
|
|a unmediated
|2 rdamedia
|
| 338 |
|
|
|a volume
|2 rdacarrier
|b nc
|
| 504 |
|
|
|a Includes bibliographical references.
|
| 505 |
0 |
|
|a Introductory principles of injection and blood collection -- Victorian laws, regulations and codes relating to animal welfare and drugs -- Introductory pharmacology -- Routes of injections -- Intramuscular injections -- Intravenous injection in the rat -- Vaginal smear or lavage in the rat -- Cardiac puncture in the rat -- Intraperitoneal injections -- Intradermal injections -- Revision of rat handling techniques -- Principles and practice of fluid therapy -- Euthanasia -- Pharmacokinetics of drug use -- Retrobulbar bleeding in mice -- Injection and blood collection in rabbits -- Injection and blood collection in dogs -- Injection and blood collection in cats -- Antibody production and collection of ascitic-fluid -- Oral dosing in laboratory animals.
|
| 650 |
|
2 |
|a Injections
|x veterinary.
|
| 650 |
|
2 |
|a Specimen Handling
|x veterinary.
|
| 650 |
|
2 |
|a Blood Specimen Collection
|x veterinary.
|
| 655 |
|
2 |
|a Handbook.
|
| 999 |
|
|
|a MARS
|
| 999 |
f |
f |
|s e1ca0cbd-4386-388a-b4cc-9e92df9897e3
|i 4319997f-4bd2-3e50-9569-d36226681339
|t 0
|
| 952 |
f |
f |
|p preservation
|a Texas A&M University
|b J.J. Pickle Campus
|c High Density Repository
|d Remote Storage
|t 0
|e SF 919.5.I53 S663i 1992
|h National Library of Medicine classification
|i unmediated -- volume
|m 3238901299104
|
| 998 |
f |
f |
|a SF 919.5.I53 S663i 1992
|t 0
|l Remote Storage
|